Quizzes
Events
Quiz Creation
Community
Videos
Private Events
Remove Ads
Sign In
Join for FREE
Feedback
Dark Mode
Quiz Categories
Sports
Geography
Music
Movies
Television
Just For Fun
Miscellaneous
History
Literature
Language
Science
Gaming
Entertainment
Religion
Holiday
For Kids
Quiz Lab
Recent
Popular Today
Quiz Kudos Today
Editor Picks
Curator Picks
Quizzes by...
Day
Popularity
Type
Ratings
Length
Year
Community
Subscriptions
Recent Discussions
Orange Saloon
Badges
Playlists
Quests
Create
Leaderboards
Showdown
Live 5
Trivia Bingo
Activity
Puzzle Library
Sporcle Events
Private Events
Virtual Trivia
Globe League
Become a Host
Pub Owners
SporcleCon
Opinionation
Our Games
Videos
Blog
Mobile Apps
Partnerships
Remove Ads and Go Orange
Feedback
Television
TV Characters
TV Show
Sitcom
Network
Friends
Reality Shows
Cast
South Park
Star Trek
The Simpsons
Doctor Who
Television
TV Characters
TV Show
Sitcom
Network
Friends
Reality Shows
Cast
South Park
Star Trek
The Simpsons
Doctor Who
Random Quiz
Search Sporcle
×
Quiz Lab
Quiz Lab
Television
Show
Type in answers that appear in a list
Type in answers that appear in a list
Classic
Best Score? Go Orange.
~Name the TV Show Catchphrase~ (audio quiz) Stats
Can you name the TV Show Based on the Famous Catchphrase?
By
sexysadie
5m
30 Questions
523 Plays
523 Plays
523 Plays
Comments
Comments
Give Quiz Kudos
Give Quiz Kudos
-
- Ratings
hide this ad
Replay
Link that replays current quiz
Next Quiz
Link to next quiz in quiz playlist
You Got
0%
They Got
Avg Score
41%
Avg Friend Score
Upgrade to see
Score Distribution
Jump to the score distribution portion of the page
Score
0/30
Timer
05:00
0
Plays Today
Time
TV Show
% Correct
00:02 -
00:04
The Simpsons
90.1%
00:13 -
00:16
The Flintstones
87.6%
00:29 -
00:33
South Park
86.8%
01:17 -
01:21
Friends
74.2%
00:00 -
00:02
The Big Bang Theory
66.2%
00:21 -
00:22
The Apprentice
66%
00:18 -
00:21
Happy Days
65.4%
00:16 -
00:18
Star Trek: The Original Series
61.4%
01:25 -
01:31
How I Met Your Mother
59.1%
00:37 -
00:39
Family Matters
57.7%
01:11 -
01:13
Seinfeld
52.6%
00:39 -
00:45
The Honeymooners
43.8%
00:08 -
00:11
Diff'rent Strokes
43.2%
00:33 -
00:37
The A-Team
43.2%
00:58 -
01:00
Hawaii Five-O
41.7%
Time
TV Show
% Correct
00:11 -
00:13
That '70s Show
39.6%
01:00 -
01:03
Cheers
33.8%
01:21 -
01:23
Good Times
26%
00:45 -
00:48
Frasier
25%
01:08 -
01:11
Jersey Shore
23.7%
00:53 -
00:55
Pinky and the Brain
19.7%
01:03 -
01:08
Columbo
19.3%
00:48 -
00:50
Little Britain
17.6%
00:55 -
00:58
Only Fools and Horses
17.2%
01:23 -
01:25
Blackadder
15.5%
00:26 -
00:29
Lost
15.3%
00:22 -
00:26
Father Ted
14.3%
00:50 -
00:53
The Facts of Life
14.3%
01:13 -
01:17
One Foot in the Grave
14.3%
00:04 -
00:08
Extras
13%
Quiz Playlist
Details
Report
Send in Message
Add To Playlist
Classic:
Type in answers that appear in a list
Last Updated: Feb 16, 2017
Quiz Scoreboard
CHALLENGE
Sign Up to Join the Scoreboard
Show All
Scores
Hide
Comments
May contain spoilers
Recently Published
9x9 Crossword: Cartoon Network
by jackfrog10
Miscellaneous
3m
College Basketball Coaching Resumes
by pancakes188
Sports
9m
Billboard Blitz: Fleetwood Mac
by CooCooCachoo
Music
15s
More to Explore
Quiz From the Vault
Featured Blog Post
Where Did the Easter Bunny Come From?
hide this ad
You Might Also Like...
Tags
Famous Quiz
Show Quiz
Audio Quiz
catchphrase
Character
Today's Top Quizzes in Television
Browse Television
hide this ad
Today's Top Quizzes in Show
Browse Show
Top Contributed Quizzes in Television
1
5-to-1: The Simpsons Families
2
5-to-1: Television Doctors
3
7-to-1: TV Show Settings
4
5-to-1: Streaming Originals
5
Adjectives in 00s TV Shows
6
One Piece Logic Puzzle
7
Survivor Seasons
8
Adjectives in 80s TV Shows
9
All US Survivor Seasons in Order
10
Adjectives in 10s TV Shows
Explore More
Trending Topics
Marvel
NBA
Disney
Crossword
Harry Potter
Kpop
Anime
Song
The Office
WWE
Pokémon
Puzzle
NFL
Country
Soccer
hide this ad
More By:
sexysadie
Quiz
Plays
Rating
Category
Featured
Created
Baby Names: Ireland
79,422
3.97
Miscellaneous
Apr 14, 2010
Year by Iconic Photograph
803
4.07
History
Nov 6, 2010
Ireland Baby Boy Names 2007
688
3.33
Entertainment
Apr 12, 2010
~Name the TV Show Catchphrase~ (audio quiz)
523
3.75
Television
Mar 31, 2011
Stephen Fry Movies
112
5.00
Movies
Apr 9, 2010
Go to Creator's Profile
Score Distribution
Quiz Creator Spotlight
sexysadie
Follow
Send a Message
Quizzes Created
-
Created Quiz Play Count
-
More By This Creator
Popular Quizzes Today
1
Find the US States - No Outlines Minefield
2
Find the Countries of Europe - No Outlines Minefield
3
The Countries of the World
4
Find the US States
5
Risky Map Clicking: Biggest States A-Z
6
US States
7
Popular People in 1961
8
Movies - When Are They Set?
More Television Quizzes
British Comedy Character Map
Quiz Lab
Trending Quizzes
Risky Map Clicking: Least Populous States A-Z
1-10 Letter G Words
1-10 Letter F Words
Risky Map Clicking: Next State Alphabetically
Adjectives in 80s TV Shows
Recently Updated
Leaping Animals
pecheneg
Reality TV Shows (A-Z)
bhenderson79
Rickey Henderson's Hall of Fame Teammates
pecheneg
Champions League XIs: Arsenal
pecheneg
Quick Pick: Celebrities in WWE's Hall of Fame
aduchscher
A-Z Keypad Blitz II
pecheneg
Multiple Oscar Actors
pecheneg
Mystery Phrase Blitz: Oscar 'Best Actors'
pecheneg
F. Scott Fitzgerald Novels
LTH
Pick 3 Villains
ddd62291
Trending Topics
NBA
Disney
Kpop
Anime
Crossword
Harry Potter
Marvel
Puzzle
Soccer
Song
WWE
NFL
The Office
Pokémon
Country
Your Account Isn't Verified!
In order to create a playlist on Sporcle, you need to verify the email address you used during registration. Go to your
Sporcle Settings
to finish the process.
Report this User
Report this user for behavior that violates our
Community Guidelines
.
Details:
Send Report
Go to the Sporcle.com Mobile Site →
Comments